L'oeuvre de Descartes
Saved in:
| Hovedforfatter: | |
|---|---|
| Format: | Bog |
| Sprog: | fransk |
| Udgivet: |
París
J. Vrin
1971
|
| Serier: | A la recherche de la vérité
|
| Fag: | |
| Tags: |
Tilføj Tag
Ingen Tags, Vær først til at tagge denne postø!
|
MARC
| LEADER | 00000nam a2200000 a 4500 | ||
|---|---|---|---|
| 001 | UCW9090 | ||
| 003 | CL-VaPUC | ||
| 008 | 881130e19710000FR |||||||||||||||||fre|d | ||
| 082 | 0 | 4 | |a 141 |b ROD |2 21 |
| 100 | |a Rodis-Lewis, Geneviéve |e author |9 348734 | ||
| 245 | 1 | 2 | |a L'oeuvre de Descartes |
| 300 | |a 2 v | ||
| 942 | |c BK | ||
| 945 | |d 19881130 00:00:00 | ||
| 260 | |a París |b J. Vrin |c 1971 | ||
| 600 | 0 | |a Descartes, René |e autor |9 265906 | |
| 650 | 0 | |a Crítica e interpretación |9 255042 | |
| 583 | |a last modification |c 19881130 00:00:00 |k Rodrigo Vera | ||
| 490 | 0 | |a A la recherche de la vérité | |
| 999 | |c 221144 |d 221142 | ||
| 952 | |0 0 |1 0 |4 0 |6 141_000000000000000_ROD_1971 |7 0 |8 P |9 214163 |a BIBEDU |b BIBEDU |c BIBEDU_PB |d 2019-11-15 |h v.1 |i 2827816 |o 141 ROD 1971 |p 2827816 |r 2024-01-25 |w 2019-11-15 |y BK |k FIL | ||
| 952 | |0 0 |1 0 |4 0 |6 141_000000000000000_ROD_1971 |7 0 |8 P |9 214164 |a BIBEDU |b BIBEDU |c BIBEDU_PB |d 2019-11-15 |h v.2 |i 2827824 |o 141 ROD 1971 |p 2827824 |r 2024-01-25 |w 2019-11-15 |y BK |k FIL | ||